[Event "Seefeld-Open"]
[Site "Seefeld"]
[Date "2009.09.26"]
[Round "3.13"]
[White "Scholz, Herbert"]
[Black "Oettel, Lothar"]
[Result "1/2-1/2"]
[WhiteElo "1988"]
[BlackElo "1817"]
[PlyCount "53"]
[EventDate "2009.??.??"]
[WhiteTeam "PTSV Neustadt"]
[BlackTeam "TSG Oberschöneweide"]

1. d4 Nf6 2. Bg5 d6 3. Bxf6 exf6 4. e3 Be7 5. g3 O-O 6. Bg2 d5 7. Ne2 c6 8. Nd2
Na6 9. a3 Bg4 10. O-O Qd7 11. c4 Nc7 12. b4 a5 13. Rb1 axb4 14. axb4 Bxe2 15.
Qxe2 Ra4 16. c5 Nb5 17. Rb3 Rfa8 18. Qd3 g6 19. Rd1 Bf8 20. Nb1 Qg4 21. h3 Qd7
22. Nc3 Nxc3 23. Qxc3 b5 24. Kh2 f5 25. Qe1 Ra2 26. Rbb1 Qa7 27. Rd2 1/2-1/2

[Event "Seefeld-Open"]
[Site "Seefeld"]
[Date "2009.09.26"]
[Round "3.17"]
[White "Kleinhenz, Hans-Georg"]
[Black "Egger, Herbert"]
[Result "1-0"]
[WhiteElo "1956"]
[BlackElo "1770"]
[PlyCount "59"]
[EventDate "2009.??.??"]
[WhiteTeam "Stolberger Schachverein 1927"]
[BlackTeam "Reichenau"]

1. d4 d5 2. c4 c6 3. Nf3 Nf6 4. e3 Bg4 5. Qb3 Qb6 6. Ne5 e6 7. Nxg4 Nxg4 8. Nc3
Qxb3 9. axb3 Bd6 10. h3 Nf6 11. Bd3 O-O 12. O-O Nbd7 13. e4 dxe4 14. Nxe4 Nxe4
15. Bxe4 f5 16. Bc2 c5 17. Rd1 Nb6 18. dxc5 Bxc5 19. Bf4 Nc8 20. Rd7 b6 21. Be5
Rf7 22. Rd8+ Rf8 23. Rad1 Rxd8 24. Rxd8+ Kf7 25. Bd1 Be7 26. Rh8 Bf8 27. Bf3
Ne7 28. Bxa8 Ng6 29. Rxf8+ Kxf8 30. Bb8 1-0

[Event "Seefeld-Open"]
[Site "Seefeld"]
[Date "2009.09.26"]
[Round "3.18"]
[White "Kreie, Günter"]
[Black "Senn, Othmar"]
[Result "1-0"]
[WhiteElo "1940"]
[BlackElo "1551"]
[PlyCount "63"]
[EventDate "2009.??.??"]
[WhiteTeam "Turn- u. Sportverein Eichholz-Re"]

1. e4 c5 2. Nf3 Nc6 3. d4 cxd4 4. Nxd4 Nxd4 5. Qxd4 e6 6. Nc3 a6 7. Be2 Qc7 8.
Be3 b5 9. a3 Bb7 10. O-O d6 11. f4 Rd8 12. f5 e5 13. Qb6 Qxb6 14. Bxb6 Rd7 15.
Rad1 Nf6 16. Bf3 Be7 17. Rd3 O-O 18. g4 Bd8 19. Be3 Bc7 20. g5 Ne8 21. f6 gxf6
22. Bg4 Bxe4 23. Nxe4 Rd8 24. gxf6 Kh8 25. Bh6 Rg8 26. Ng5 Rg6 27. Nxf7+ Kg8
28. Nxd8 Nxf6 29. Rxf6 Rxf6 30. Be6+ Kh8 31. Nf7+ Kg8 32. Rg3+ 1-0

[Event "Seefeld-Open"]
[Site "Seefeld"]
[Date "2009.09.26"]
[Round "3.19"]
[White "Löw, Bernd"]
[Black "Koch, Dieter"]
[Result "0-1"]
[WhiteElo "1645"]
[BlackElo "1891"]
[PlyCount "56"]
[EventDate "2009.??.??"]
[WhiteTeam "SV Schwalbach"]
[BlackTeam "SC Ammersee"]

1. e4 e5 2. Nf3 Qe7 3. Bc4 c6 4. Nc3 d6 5. O-O h6 6. d4 Nd7 7. Be3 g5 8. dxe5
dxe5 9. a4 Qf6 10. Na2 Ne7 11. Nb4 Ng6 12. Nd3 Be7 13. Rb1 Rg8 14. Kh1 Nf4 15.
Ng1 Nxd3 16. Bxd3 Nf8 17. Qf3 Qg7 18. Qd1 Ng6 19. g3 h5 20. b4 g4 21. b5 h4 22.
bxc6 bxc6 23. f4 hxg3 24. hxg3 Rh8+ 25. Kg2 Qh6 26. Kf2 exf4 27. Bxf4 Nxf4 28.
gxf4 Qh2+ 0-1

[Event "Seefeld-Open"]
[Site "Seefeld"]
[Date "2009.09.27"]
[Round "4.1"]
[White "Müller, Ralf"]
[Black "Stark, Ingo"]
[Result "1-0"]
[WhiteElo "2410"]
[BlackElo "2153"]
[PlyCount "123"]
[EventDate "2009.??.??"]
[WhiteTeam "SV HP Böblingen"]
[BlackTeam "TSG Oberschöneweide"]

1. Nf3 Nf6 2. c4 e6 3. Nc3 d5 4. d4 c5 5. cxd5 exd5 6. g3 Nc6 7. Bg2 Be7 8. O-O
O-O 9. Bg5 cxd4 10. Nxd4 h6 11. Bxf6 Bxf6 12. Nb3 d4 13. Nd5 d3 14. Nxf6+ Qxf6
15. Qxd3 Qxb2 16. Nc5 Bg4 17. Rfb1 Qe5 18. Nxb7 Bxe2 19. Qe4 Qxe4 20. Bxe4 Nd4
21. Rb4 Nf3+ 22. Kg2 Ng5 23. Bd5 Rac8 24. h4 Nh7 25. Re1 Nf6 26. Bb3 Rce8 27.
Rc1 Re7 28. Nd6 Bg4 29. Rf4 h5 30. Nf5 Rd7 31. Nh6+ Kh7 32. Nxg4 Nxg4 33. Rc2
Re7 34. Rd2 g6 35. f3 Ne3+ 36. Kf2 Nf5 37. Bc2 Ng7 38. Rfd4 Rc8 39. Ba4 Rc3 40.
Rd7 Rc7 41. Rxe7 Rxe7 42. Rd7 Nf5 43. Rxe7 Nxe7 44. Bd7 Nd5 45. a4 Kg7 46. Bc6
Ne7 47. Be4 f5 48. Bc2 f4 49. g4 Kf6 50. g5+ Ke5 51. Ke2 Kd4 52. Kd2 Kc4 53.
Be4 a5 54. Bc2 Kb4 55. Kd3 Nf5 56. Ke4 Kc3 57. Bb1 Kb3 58. Kxf4 Ne7 59. Ke5
Kxa4 60. Kd6 Kb3 61. Kxe7 a4 62. Bxg6 1-0

[Event "Seefeld-Open"]
[Site "Seefeld"]
[Date "2009.09.27"]
[Round "4.2"]
[White "Braun, Joachim"]
[Black "Allgaier, Erik"]
[Result "1-0"]
[WhiteElo "2138"]
[BlackElo "2073"]
[PlyCount "91"]
[EventDate "2009.??.??"]
[WhiteTeam "SF Birkenfeld e.V."]
[BlackTeam "BVG Helmholtz"]

1. d4 g6 2. Nf3 d6 3. e4 Bg7 4. h3 c6 5. Bd3 e5 6. c3 Qe7 7. O-O Nf6 8. Re1 O-O
9. a4 a5 10. Nbd2 Nbd7 11. b3 b6 12. Ba3 c5 13. Qe2 Nh5 14. Qf1 Nf4 15. Bb5 Rd8
16. Nc4 Rb8 17. Rad1 exd4 18. cxd4 Qf6 19. Nh2 Nf8 20. d5 Qg5 21. Kh1 h5 22.
Nf3 Qh6 23. Bc1 g5 24. Bxf4 gxf4 25. e5 dxe5 26. Ncxe5 Bxe5 27. Nxe5 Bb7 28.
Bc6 Bc8 29. Qc4 Rd6 30. Re4 Rf6 31. f3 Kg7 32. Nd3 Ng6 33. Qc3 Bf5 34. Re2 Rd8
35. Nf2 Qg5 36. Ne4 Bxe4 37. Rxe4 Nh4 38. Rd2 Rdd6 39. Qe5 Nf5 40. Kg1 Qg3 41.
Rxf4 Qg6 42. g4 Qg5 43. Rg2 Qxf4 44. Qxf4 Nd4 45. gxh5+ Kh8 46. Qg4 1-0

[Event "Seefeld-Open"]
[Site "Seefeld"]
[Date "2009.09.27"]
[Round "4.4"]
[White "Mitzel, Robert"]
[Black "Farago, Ivan"]
[Result "0-1"]
[WhiteElo "2031"]
[BlackElo "2476"]
[PlyCount "64"]
[EventDate "2009.??.??"]
[WhiteTeam "SK Göggingen-Augsburg"]
[BlackTeam "Budapest"]

1. d4 Nf6 2. c4 e6 3. Nc3 Bb4 4. e3 O-O 5. Bd3 d5 6. cxd5 exd5 7. Qc2 Re8 8.
Nge2 a6 9. a3 Bd6 10. Ng3 Nbd7 11. Nf5 Bf8 12. b4 b6 13. b5 g6 14. Ng3 axb5 15.
Bxb5 Bb7 16. O-O c6 17. Be2 h5 18. Bf3 b5 19. e4 b4 20. e5 bxc3 21. exf6 Qxf6
22. Qxc3 c5 23. Be3 c4 24. Ne2 Bc6 25. Rfb1 Qf5 26. Nf4 Rxa3 27. Qc1 Rea8 28.
h3 Nf6 29. Kh2 Rxa1 30. Rxa1 Rxa1 31. Qxa1 Bd6 32. g3 g5 0-1

[Event "Seefeld-Open"]
[Site "Seefeld"]
[Date "2009.09.27"]
[Round "4.5"]
[White "Buchäckert, Jürgen"]
[Black "Schunk, Thomas"]
[Result "0-1"]
[WhiteElo "1991"]
[BlackElo "2279"]
[PlyCount "74"]
[EventDate "2009.??.??"]
[WhiteTeam "SK 1912 Ludwigshafen"]
[BlackTeam "Leipzig-Gohlis"]

1. e4 e5 2. d4 exd4 3. Qxd4 Nc6 4. Qe3 g6 5. Nc3 Bg7 6. Bd2 Nge7 7. O-O-O O-O
8. Bc4 a6 9. h4 b5 10. Bb3 Nd4 11. h5 Nxb3+ 12. axb3 d5 13. hxg6 fxg6 14. Nxd5
Nxd5 15. exd5 Qf6 16. Bc3 Qxf2 17. Qd2 Bg4 18. Nf3 Qxd2+ 19. Rxd2 Bxc3 20. bxc3
Bxf3 21. gxf3 Rxf3 22. d6 cxd6 23. Rxd6 Ra7 24. Kb2 Kg7 25. Ra1 Rf6 26. Rd5 Rc7
27. Rd4 g5 28. c4 bxc4 29. Rxc4 Rxc4 30. bxc4 g4 31. Kc3 h5 32. Kd4 g3 33. c5
h4 34. Rg1 Rg6 35. Kd5 h3 36. c6 h2 37. Rb1 Rxc6 0-1

[Event "Seefeld-Open"]
[Site "Seefeld"]
[Date "2009.09.28"]
[Round "5.1"]
[White "Braun, Joachim"]
[Black "Müller, Ralf"]
[Result "1/2-1/2"]
[WhiteElo "2138"]
[BlackElo "2410"]
[PlyCount "66"]
[EventDate "2009.??.??"]
[WhiteTeam "SF Birkenfeld e.V."]
[BlackTeam "SV HP Böblingen"]

1. e4 c5 2. Nf3 e6 3. d4 cxd4 4. Nxd4 Nc6 5. Nc3 Qc7 6. g3 a6 7. Bg2 d6 8. a4
Bd7 9. Nb3 Be7 10. O-O Ne5 11. Nd4 Nf6 12. f4 Nc6 13. Nb3 Na5 14. Nd4 Rc8 15.
Rf3 g6 16. h3 O-O 17. Rd3 Rfd8 18. b3 Nc6 19. Nxc6 Bxc6 20. a5 d5 21. exd5 Nxd5
22. Nxd5 Bxd5 23. Bxd5 Rxd5 24. Rxd5 exd5 25. Ra2 Qc3 26. Kg2 Bb4 27. Qxd5 Qe1
28. Qd4 Bc5 29. Qd2 Qg1+ 30. Kf3 Qh1+ 31. Kg4 h5+ 32. Kg5 Be7+ 33. Kh6 Bf8+
1/2-1/2

[Event "Seefeld-Open"]
[Site "Seefeld"]
[Date "2009.09.28"]
[Round "5.2"]
[White "Farago, Ivan"]
[Black "Fischer, Gerd"]
[Result "1-0"]
[WhiteElo "2476"]
[BlackElo "1986"]
[PlyCount "31"]
[EventDate "2009.??.??"]
[WhiteTeam "Budapest"]
[BlackTeam "SC 1926 Haßloch"]

1. d4 e6 2. c4 f5 3. g3 Nf6 4. Bg2 d5 5. Nf3 c6 6. O-O Bd6 7. b3 Qe7 8. Ne5 O-O
9. Bb2 b6 10. cxd5 cxd5 11. Nc4 Re8 12. Nxd6 Qxd6 13. Na3 Ne4 14. f3 Ng5 15.
Qc2 Nf7 16. Nb5 1-0

[Event "Seefeld-Open"]
[Site "Seefeld"]
[Date "2009.09.28"]
[Round "5.3"]
[White "Van Eck, Ted"]
[Black "Lins, Philipp"]
[Result "0-1"]
[WhiteElo "2025"]
[BlackElo "1857"]
[PlyCount "68"]
[EventDate "2009.??.??"]
[WhiteTeam "De Pion"]
[BlackTeam "SK Pradl Innsbruck"]

1. Nf3 d6 2. c4 Bg4 3. g3 Nd7 4. Bg2 c6 5. Nc3 Ngf6 6. O-O e5 7. d3 Be7 8. b4
O-O 9. h3 Bh5 10. Nh4 d5 11. cxd5 Nxd5 12. Nxd5 Bxh4 13. Ne3 Be7 14. Rb1 a6 15.
Nf5 Re8 16. Nxe7+ Qxe7 17. Be3 f5 18. Rb2 Qf6 19. Qb3+ Kh8 20. Qc3 Rad8 21. d4
e4 22. h4 h6 23. Rc1 Nb6 24. Qc5 Na4 25. Qc2 Nxb2 26. Qxb2 Rd5 27. Rc5 Red8 28.
Rxd5 Rxd5 29. Kh2 Kh7 30. Bd2 Qxd4 31. Bc3 Qxf2 32. Bxg7 Rd1 33. Qf6 Qg1+ 34.
Kh3 Bg4# 0-1

[Event "Seefeld-Open"]
[Site "Seefeld"]
[Date "2009.09.28"]
[Round "5.4"]
[White "Schunk, Thomas"]
[Black "Kammers, Heribert"]
[Result "1-0"]
[WhiteElo "2279"]
[BlackElo "2147"]
[PlyCount "51"]
[EventDate "2009.??.??"]
[WhiteTeam "Leipzig-Gohlis"]
[BlackTeam "SK 32 Münster"]

1. c4 Nf6 2. Nc3 d5 3. cxd5 Nxd5 4. g3 g6 5. Bg2 Nxc3 6. bxc3 Bg7 7. h4 h5 8.
Nh3 c5 9. Qb3 Nc6 10. O-O O-O 11. Nf4 e6 12. Ba3 Qxd2 13. Bxc5 Re8 14. Rac1 Qd8
15. Qa4 Bd7 16. Rfd1 Qc8 17. Qb3 Nd8 18. Bd6 Bc6 19. e4 b6 20. c4 Nb7 21. c5
Na5 22. Qe3 Qb7 23. Qe1 Rac8 24. Qb4 Red8 25. Rb1 Be8 26. Qxa5 1-0

[Event "Seefeld-Open"]
[Site "Seefeld"]
[Date "2009.09.28"]
[Round "5.5"]
[White "Neuens, Heiko"]
[Black "Eperjesi, Laslo Dr"]
[Result "1/2-1/2"]
[WhiteElo "2067"]
[BlackElo "2250"]
[PlyCount "38"]
[EventDate "2009.??.??"]
[WhiteTeam "SC 1948 Prüm"]
[BlackTeam "Budapest"]

1. e4 c6 2. d4 d5 3. exd5 cxd5 4. c4 Nf6 5. Nc3 e6 6. Nf3 Bb4 7. cxd5 Nxd5 8.
Bd2 Nc6 9. Bd3 Be7 10. O-O O-O 11. Qe2 Nf6 12. Ne4 Nxd4 13. Nxd4 Qxd4 14. Bc3
Qd5 15. Nxf6+ Bxf6 16. Bxf6 gxf6 17. Rac1 Kh8 18. Be4 Qe5 19. Qf3 f5 1/2-1/2

[Event "Seefeld-Open"]
[Site "Seefeld"]
[Date "2009.09.28"]
[Round "5.6"]
[White "Stark, Ingo"]
[Black "Willin, Bernhard"]
[Result "1-0"]
[WhiteElo "2153"]
[BlackElo "1988"]
[PlyCount "91"]
[EventDate "2009.??.??"]
[WhiteTeam "TSG Oberschöneweide"]
[BlackTeam "Grenzach"]

1. e4 e6 2. d4 c5 3. d5 exd5 4. exd5 d6 5. Nc3 Be7 6. Be2 Nf6 7. Nf3 O-O 8. O-O
h6 9. h3 Bf5 10. Bd3 Bxd3 11. Qxd3 Re8 12. Bf4 Bf8 13. Nd2 Nbd7 14. Rfe1 a6 15.
a4 Qc7 16. Nc4 Nb6 17. Ne3 Rad8 18. a5 Nc8 19. Red1 Ne7 20. Nc4 Ng6 21. Bh2 Nh4
22. g3 Ng6 23. g4 Nd7 24. f4 Nf6 25. Bg3 h5 26. f5 h4 27. Bh2 Nh8 28. g5 Nh7
29. Qd2 Qe7 30. Bf4 Qd7 31. Ne3 Rxe3 32. Bxe3 Qxf5 33. Qg2 Be7 34. Rf1 Qe5 35.
Ne4 Qxd5 36. Rad1 Qe6 37. Qg4 Qxg4+ 38. hxg4 Nf8 39. Rf5 Ne6 40. c4 Ng6 41.
Rfd5 Ne5 42. Nxd6 Nxg4 43. Nf5 Bxg5 44. Bxg5 Rxd5 45. Rxd5 Nxg5 46. Ne7+ 1-0

[Event "Seefeld-Open"]
[Site "Seefeld"]
[Date "2009.09.28"]
[Round "5.7"]
[White "Scholz, Herbert"]
[Black "Mikulic, Oliver"]
[Result "0-1"]
[WhiteElo "1988"]
[BlackElo "2086"]
[PlyCount "53"]
[EventDate "2009.??.??"]
[WhiteTeam "PTSV Neustadt"]
[BlackTeam "Rochade Rum"]

1. d4 d5 2. c4 c6 3. Nc3 Nf6 4. Bg5 Qb6 5. Qd2 Be6 6. c5 Qa5 7. b4 Qxb4 8. Rb1
Qa5 9. Rxb7 Bc8 10. Rb2 Ba6 11. Nf3 Nbd7 12. g3 h6 13. Be3 Ng4 14. Bg2 e5 15.
h3 Nxe3 16. fxe3 e4 17. Nh4 Qc7 18. Kf2 Nf6 19. g4 Bc8 20. Rhb1 g5 21. Nf5 h5
22. Rh1 hxg4 23. Nd6+ Bxd6 24. cxd6 Qxd6 25. Nxd5 cxd5 26. Qb4 Qxb4 27. Rxb4
0-1

[Event "Seefeld-Open"]
[Site "Seefeld"]
[Date "2009.09.28"]
[Round "5.8"]
[White "Allgaier, Erik"]
[Black "Braun, Rüdiger"]
[Result "0-1"]
[WhiteElo "2073"]
[BlackElo "1980"]
[PlyCount "102"]
[EventDate "2009.??.??"]
[WhiteTeam "BVG Helmholtz"]
[BlackTeam "SF Birkenfeld e.V."]

1. Nf3 d5 2. e3 Nf6 3. d4 Nc6 4. Nbd2 a6 5. Ne5 Nxe5 6. dxe5 Ng4 7. Nf3 f6 8.
h3 Nh6 9. exf6 exf6 10. c4 Be6 11. Nd4 Bf7 12. Qb3 Rb8 13. Bd2 Bc5 14. Bc3 O-O
15. Be2 dxc4 16. Bxc4 Bxd4 17. Bxd4 b6 18. Rd1 Qc8 19. e4 c5 20. Be3 b5 21.
Bxf7+ Nxf7 22. Qd5 c4 23. Ke2 Rd8 24. Qc5 Qe6 25. f3 Ne5 26. Rd4 Nd3 27. Qc7
Rdc8 28. Qg3 Nxb2 29. Rd6 Qf7 30. Bd4 c3 31. Bxf6 Rb7 32. Qg4 Qc4+ 33. Kf2 Re8
34. Rd4 Qxa2 35. Kg3 Qf7 36. Rd6 Nc4 37. Rxa6 b4 38. Rha1 c2 39. Bd4 Qc7+ 40.
Kf2 b3 41. Ra8 Qf7 42. Bxg7 Nd6 43. Bb2+ Qg6 44. Qf4 Nc8 45. Kf1 Rd7 46. Ke1
Qxg2 47. Qg4+ Qxg4 48. hxg4 Red8 49. Ke2 Rd2+ 50. Ke3 Rd1 51. Ke2 Rb1 0-1

[Event "Seefeld-Open"]
[Site "Seefeld"]
[Date "2009.09.28"]
[Round "5.9"]
[White "Halli, Gerhard"]
[Black "Mertens, Klaus"]
[Result "1/2-1/2"]
[WhiteElo "1855"]
[BlackElo "2070"]
[PlyCount "47"]
[EventDate "2009.??.??"]
[WhiteTeam "SK 1947 Sandhausen e.V."]
[BlackTeam "SV Mainz-Mombach"]

1. d4 Nf6 2. c4 e6 3. Nc3 Bb4 4. Qc2 b6 5. Nf3 Bb7 6. a3 Bxc3+ 7. Qxc3 Ne4 8.
Qc2 d6 9. Bf4 Nd7 10. Rd1 Ndf6 11. h3 Nh5 12. Bh2 f5 13. e3 O-O 14. Be2 Qe7 15.
O-O Rf7 16. Ne5 dxe5 17. Bxh5 g6 18. Bf3 exd4 19. Rxd4 e5 20. Rdd1 a5 21. Bxe4
Bxe4 22. Qc3 Re8 23. f3 Bb7 24. c5 1/2-1/2

[Event "Seefeld-Open"]
[Site "Seefeld"]
[Date "2009.09.28"]
[Round "5.16"]
[White "Kleinhenz, Hans-Georg"]
[Black "Hajdarevic, Dino"]
[Result "1/2-1/2"]
[WhiteElo "1956"]
[BlackElo "1723"]
[PlyCount "22"]
[EventDate "2009.??.??"]
[WhiteTeam "Stolberger Schachverein 1927"]
[BlackTeam "SF Hak/HAS"]

1. d4 Nf6 2. c4 e6 3. g3 d5 4. Nf3 c6 5. Bg2 Nbd7 6. Qc2 Bd6 7. O-O O-O 8. Rd1
Ne4 9. b3 f5 10. Ba3 Bxa3 11. Nxa3 Qf6 1/2-1/2

[Event "Seefeld-Open"]
[Site "Seefeld"]
[Date "2009.09.28"]
[Round "5.17"]
[White "Koch, Dieter"]
[Black "Dallmeier, Gerhard"]
[Result "1-0"]
[WhiteElo "1891"]
[BlackElo "1849"]
[PlyCount "43"]
[EventDate "2009.??.??"]
[WhiteTeam "SC Ammersee"]
[BlackTeam "SK Roland Weißenfels"]

1. d4 Nf6 2. c4 g6 3. Nc3 Bg7 4. e4 d6 5. Be2 O-O 6. g4 c5 7. d5 e6 8. g5 Ne8
9. h4 exd5 10. cxd5 f5 11. h5 fxe4 12. Nxe4 Bf5 13. Ng3 Qe7 14. Nxf5 Rxf5 15.
Be3 Bxb2 16. Bg4 Rxg5 17. Be6+ Kg7 18. Nf3 Rxh5 19. Rxh5 gxh5 20. Rb1 Bc3+ 21.
Ke2 b6 22. Qg1+ 1-0

[Event "Seefeld-Open"]
[Site "Seefeld"]
[Date "2009.09.29"]
[Round "6.2"]
[White "Lins, Philipp"]
[Black "Schunk, Thomas"]
[Result "0-1"]
[WhiteElo "1857"]
[BlackElo "2279"]
[PlyCount "60"]
[EventDate "2009.??.??"]
[WhiteTeam "SK Pradl Innsbruck"]
[BlackTeam "Leipzig-Gohlis"]

1. Nf3 d5 2. g3 g6 3. Bg2 Bg7 4. O-O e5 5. d3 Ne7 6. Nbd2 O-O 7. e4 d4 8. Nc4
f6 9. a4 Nbc6 10. Qe1 a5 11. Bd2 b6 12. b4 axb4 13. Bxb4 Be6 14. Qb1 Nxb4 15.
Qxb4 Nc6 16. Qb5 Na5 17. Nfd2 Qe7 18. Rfb1 Ra7 19. Na3 Rfa8 20. Nac4 Kh8 21.
Nxa5 Rxa5 22. Qc6 R8a7 23. Rb5 R5a6 24. Rd5 Bf8 25. Nc4 b5 26. Qxb5 c6 27. Qb8
cxd5 28. exd5 Rb7 29. d6 Rxb8 30. dxe7 Bxe7 0-1

[Event "Seefeld-Open"]
[Site "Seefeld"]
[Date "2009.09.29"]
[Round "6.3"]
[White "Braun, Rüdiger"]
[Black "Stark, Ingo"]
[Result "0-1"]
[WhiteElo "1980"]
[BlackElo "2153"]
[PlyCount "118"]
[EventDate "2009.??.??"]
[WhiteTeam "SF Birkenfeld e.V."]
[BlackTeam "TSG Oberschöneweide"]

1. e4 c5 2. Nf3 d6 3. d4 cxd4 4. Nxd4 Nf6 5. Nc3 a6 6. Bc4 e6 7. O-O b5 8. Bd3
Bb7 9. Qf3 Nbd7 10. Bg5 Ne5 11. Qg3 Be7 12. Rfe1 O-O 13. Rad1 Rc8 14. Nf3 Nh5
15. Qh3 Bxg5 16. Qxh5 Bf6 17. Re3 g6 18. Qh3 Nxf3+ 19. Rxf3 Bxc3 20. bxc3 Rxc3
21. Rf4 Kg7 22. Rh4 Rh8 23. Rg4 Qf6 24. Qe3 h5 25. Rg3 Qe5 26. Qb6 Rb8 27. Qa7
Rcc8 28. Qe3 Qc5 29. Qf4 Rc7 30. Rg5 Qd4 31. Qg3 Rc5 32. Rxc5 Qxc5 33. Be2 Rd8
34. e5 Qxc2 35. Bxh5 Bd5 36. exd6 Qc6 37. Qe5+ Kh7 38. Qf4 Kg7 39. Qe5+ Kg8 40.
Qf6 Rd7 41. h4 Qxd6 42. Rc1 Bc4 43. Bf3 Qd4 44. Qg5 Qd2 45. a4 Qxg5 46. hxg5
Rc7 47. Be2 Kf8 48. f4 Ke7 49. axb5 axb5 50. Kf2 Kd6 51. Rd1+ Kc5 52. Rc1 Kd4
53. g3 Ra7 54. Rc2 Bxe2 55. Kxe2 b4 56. Rc8 b3 57. Rd8+ Kc3 58. Rc8+ Kb2 59.
Kd3 Ka2 0-1

[Event "Seefeld-Open"]
[Site "Seefeld"]
[Date "2009.09.29"]
[Round "6.4"]
[White "Eperjesi, Laslo Dr"]
[Black "Braun, Joachim"]
[Result "1/2-1/2"]
[WhiteElo "2250"]
[BlackElo "2138"]
[PlyCount "100"]
[EventDate "2009.??.??"]
[WhiteTeam "Budapest"]
[BlackTeam "SF Birkenfeld e.V."]

1. d4 Nf6 2. Nf3 e6 3. c4 b6 4. g3 Bb7 5. Bg2 Be7 6. O-O O-O 7. Nc3 Ne4 8. Nxe4
Bxe4 9. Ne1 Bxg2 10. Nxg2 d6 11. e4 Nd7 12. Qe2 c5 13. Be3 Qc7 14. Rac1 Bf6 15.
Rfd1 cxd4 16. Bxd4 Bxd4 17. Rxd4 Qc5 18. Rcd1 Ne5 19. b3 Rad8 20. Kh1 Nc6 21.
R4d2 Na5 22. f4 Nb7 23. Ne1 Qc6 24. Nf3 Nc5 25. Re1 a6 26. Nd4 Qb7 27. b4 Nd7
28. b5 Nb8 29. Red1 a5 30. f5 Rfe8 31. fxe6 fxe6 32. Qg4 Rc8 33. Nxe6 Rxc4 34.
Rd5 g6 35. Kg1 Nd7 36. Qe2 Rb4 37. a3 Ra4 38. Qc2 Rxa3 39. Rxd6 Ne5 40. Rd8
Nf3+ 41. Kg2 Rxd8 42. Nxd8 Qe7 43. Qc4+ Kg7 44. Ne6+ Kh6 45. h4 Re3 46. Qc1 Qa3
47. Qxa3 Rxa3 48. Rd6 Kh5 49. Kh3 Ng1+ 50. Kg2 Nf3 1/2-1/2

[Event "Seefeld-Open"]
[Site "Seefeld"]
[Date "2009.09.29"]
[Round "6.5"]
[White "Lang, Ferdinand"]
[Black "Van Eck, Ted"]
[Result "1-0"]
[WhiteElo "2156"]
[BlackElo "2025"]
[PlyCount "55"]
[EventDate "2009.??.??"]
[WhiteTeam "SC Blau.Turm Bad Wimpfen"]
[BlackTeam "De Pion"]

1. e4 c5 2. Nf3 e6 3. g3 Nc6 4. Bg2 Nf6 5. d3 d6 6. O-O g6 7. c3 Bg7 8. Re1 O-O
9. Nbd2 e5 10. Nf1 Bd7 11. Qc2 Qc8 12. Bd2 Bh3 13. Bh1 h6 14. Rad1 Ng4 15. Ne3
f5 16. exf5 Nxe3 17. fxe3 Qxf5 18. e4 Qf6 19. Be3 Rf7 20. Rd2 Raf8 21. Rf2 Qe6
22. Bg2 Bxg2 23. Kxg2 Qxa2 24. Qc1 Qe6 25. Bxh6 Bxh6 26. Qxh6 Rh7 27. Qxh7+
Kxh7 28. Ng5+ 1-0

[Event "Seefeld-Open"]
[Site "Seefeld"]
[Date "2009.09.29"]
[Round "6.6"]
[White "Buchäckert, Jürgen"]
[Black "Pregl, Walter"]
[Result "1/2-1/2"]
[WhiteElo "1991"]
[BlackElo "2115"]
[PlyCount "72"]
[EventDate "2009.??.??"]
[WhiteTeam "SK 1912 Ludwigshafen"]
[BlackTeam "Absam"]

1. e4 c5 2. c3 d6 3. d4 Nd7 4. Nf3 e6 5. Bd3 Be7 6. O-O Qc7 7. Re1 c4 8. Bc2
Ngf6 9. e5 Nd5 10. Nbd2 dxe5 11. dxe5 N7b6 12. Ne4 Bd7 13. Bg5 f6 14. Bh4 O-O-O
15. Bg3 f5 16. Nd6+ Bxd6 17. exd6 Qc5 18. Be5 Rhg8 19. b4 cxb3 20. axb3 Kb8 21.
Bd4 Qc8 22. c4 Nb4 23. c5 N6d5 24. Ne5 Nc6 25. Qd2 g5 26. b4 Ndxb4 27. Bb3 Nxe5
28. Qxb4 Nc6 29. Qa3 a6 30. Bf6 Rde8 31. Bc4 Ka7 32. Reb1 Nb8 33. Rb6 Bc6 34.
Be5 Bd7 35. Bd4 (35. c6 Bxc6 36. d7 Nxd7 37. Rxa6+ bxa6 38. Bxa6 Nxe5 39. Qc5+
Kb8 40. Qxe5+ Qc7 41. Rb1+ $18) 35... Bc6 36. Be5 Bd7 1/2-1/2

[Event "Seefeld-Open"]
[Site "Seefeld"]
[Date "2009.09.29"]
[Round "6.7"]
[White "Mertens, Klaus"]
[Black "Kreie, Günter"]
[Result "1-0"]
[WhiteElo "2070"]
[BlackElo "1940"]
[PlyCount "101"]
[EventDate "2009.??.??"]
[WhiteTeam "SV Mainz-Mombach"]
[BlackTeam "Turn- u. Sportverein Eichholz-Re"]

1. Nf3 Nf6 2. g3 d5 3. Bg2 e6 4. O-O Bd6 5. d4 O-O 6. b3 Qe7 7. Bb2 Nbd7 8. c4
c6 9. Nc3 Rd8 10. Qc2 b6 11. cxd5 cxd5 12. Nb5 Bb7 13. Nxd6 Qxd6 14. Rac1 Rac8
15. Qd3 Ne4 16. Nd2 Nxd2 17. Qxd2 Nf6 18. Rxc8 Rxc8 19. Rc1 Rxc1+ 20. Qxc1 h6
21. f3 Qd7 22. Qc3 Qc6 23. Qd3 Qc8 24. e3 Ba6 25. Qd2 Qc6 26. a4 Bb7 27. Bf1
Qd6 28. Bd3 Qc6 29. Ba3 a5 30. Bb5 Qc8 31. Qc1 Qxc1+ 32. Bxc1 Bc8 33. Ba3 Bd7
34. Ba6 Ne8 35. Be7 Nc7 36. Bd3 f5 37. Bd6 Na8 38. g4 Kf7 39. h3 g6 40. Kf2 Bc6
41. Kg3 Kf6 42. h4 Kf7 43. h5 gxh5 44. gxh5 Kf6 45. Kf4 Be8 46. Bb5 Kf7 47. Ke5
Bxb5 48. axb5 Ke8 49. Kxe6 Kd8 50. Kxd5 Kd7 51. e4 1-0

[Event "Seefeld-Open"]
[Site "Seefeld"]
[Date "2009.09.29"]
[Round "6.9"]
[White "Willin, Bernhard"]
[Black "Halli, Gerhard"]
[Result "1-0"]
[WhiteElo "1988"]
[BlackElo "1855"]
[PlyCount "51"]
[EventDate "2009.??.??"]
[WhiteTeam "Grenzach"]
[BlackTeam "SK 1947 Sandhausen e.V."]

1. e4 d5 2. exd5 Qxd5 3. Nc3 Qa5 4. d4 c6 5. Bd3 Nf6 6. h3 e6 7. Nf3 Nbd7 8.
O-O Be7 9. Ne2 O-O 10. a3 c5 11. dxc5 Qxc5 12. b4 Qc7 13. Bf4 e5 14. Bh2 Bd6
15. Ng3 Re8 16. Nf5 Bf8 17. c4 b6 18. Re1 Bb7 19. N3d4 g6 20. Ne3 Qd6 21. Nb5
Qc6 22. Bf1 a5 23. Qb3 Ne4 24. Rad1 Ndf6 25. Nd5 Nxd5 26. cxd5 1-0

[Event "Seefeld-Open"]
[Site "Seefeld"]
[Date "2009.09.29"]
[Round "6.17"]
[White "Mitzel, Robert"]
[Black "Bangert, Rüdiger"]
[Result "1-0"]
[WhiteElo "2031"]
[BlackElo "1694"]
[PlyCount "41"]
[EventDate "2009.??.??"]
[WhiteTeam "SK Göggingen-Augsburg"]
[BlackTeam "SGem Siemens Erlangen"]

1. d4 Nf6 2. c4 g6 3. Nc3 Bg7 4. e4 d6 5. f4 O-O 6. Be2 c5 7. d5 e6 8. dxe6
fxe6 9. Nf3 Nc6 10. O-O a6 11. Kh1 Rb8 12. Ng5 Nd4 13. Bd3 Nh5 14. e5 dxe5 15.
Nxh7 Kxh7 16. Qxh5+ Kg8 17. Bxg6 Rf6 18. Ne4 Nf5 19. fxe5 Qd3 20. Nxf6+ Bxf6
21. Qh7+ 1-0

[Event "Seefeld-Open"]
[Site "Seefeld"]
[Date "2009.09.30"]
[Round "7.1"]
[White "Schunk, Thomas"]
[Black "Müller, Ralf"]
[Result "0-1"]
[WhiteElo "2279"]
[BlackElo "2410"]
[PlyCount "106"]
[EventDate "2009.??.??"]
[WhiteTeam "Leipzig-Gohlis"]
[BlackTeam "SV HP Böblingen"]

1. c4 c5 2. Nf3 Nf6 3. d4 cxd4 4. Nxd4 Nc6 5. Nc3 e6 6. Ndb5 d5 7. Bf4 e5 8.
cxd5 exf4 9. dxc6 bxc6 10. Qxd8+ Kxd8 11. Rd1+ Bd7 12. Nd6 Kc7 13. Nxf7 Rg8 14.
Ne5 Rb8 15. Nd3 Bf5 16. g3 Bxd3 17. Rxd3 Rxb2 18. Bg2 Bb4 19. O-O Rd8 20. Ne4
Nxe4 21. Bxe4 Rxe2 22. Rxd8 Kxd8 23. Bxc6 Rxa2 24. Rd1+ Kc7 25. Bd5 Rb2 26. Be4
Bc5 27. Rc1 Kd6 28. Rc2 Rxc2 29. Bxc2 fxg3 30. hxg3 h6 31. Kg2 Kd5 32. f4 a5
33. Kf3 Kc4 34. Ke2 Bd6 35. Kd2 Kb4 36. Bg6 Kc4 37. Bd3+ Kd4 38. Bb5 Bxf4+ 39.
gxf4 Ke4 40. Be8 Kxf4 41. Ke2 g5 42. Kf2 g4 43. Kg2 Kg5 44. Bd7 h5 45. Bb5 Kf4
46. Ba4 h4 47. Bd1 g3 48. Kh3 Ke3 49. Kg2 Kd4 50. Kh3 Kc5 51. Bb3 Kb4 52. Bd5
a4 53. Kxh4 Kc5 0-1